[Event "36th Zalakaros Open 2017"]
[Site "Zalakaros HUN"]
[Date "2017.05.18"]
[Round "1.1"]
[White "Rapport, Richard"]
[Black "Almasi, Istvan"]
[Result "1-0"]
[WhiteTitle "GM"]
[BlackTitle "IM"]
[WhiteElo "2698"]
[BlackElo "2398"]
[WhiteFideId "738590"]
[BlackFideId "701742"]
[EventDate "2017.05.18"]

1. e4 e6 2. d4 d5 3. exd5 exd5 4. Nc3 c6 5. Bf4 Bd6 6. Qd2 Bxf4 7. Qxf4 Qf6 8.
Qd2 Ne7 9. O-O-O O-O 10. h4 c5 11. Qg5 Qxg5+ 12. hxg5 cxd4 13. Rxd4 Nbc6 14.
Rdh4 Bf5 15. g4 Bg6 16. f4 d4 17. Nb5 Be4 18. R1h2 Nb4 19. Nd6 Bxc2 20. a3 Ng6
21. Rxh7 Rfd8 22. f5 Rxd6 23. fxg6 1-0

[Event "36th Zalakaros Open 2017"]
[Site "Zalakaros HUN"]
[Date "2017.05.18"]
[Round "1.2"]
[White "Tompa, Janos"]
[Black "Nisipeanu, Liviu-Dieter"]
[Result "0-1"]
[WhiteTitle "IM"]
[BlackTitle "GM"]
[WhiteElo "2392"]
[BlackElo "2686"]
[WhiteFideId "700193"]
[BlackFideId "1202758"]
[EventDate "2017.05.18"]

1. e4 c5 2. Nf3 e6 3. d3 Nc6 4. g3 d6 5. Bg2 Nf6 6. O-O Be7 7. c3 O-O 8. Re1 e5
9. Na3 Re8 10. Nc2 h6 11. d4 exd4 12. cxd4 Bf8 13. dxc5 dxc5 14. Qxd8 Rxd8 15.
Bd2 Be6 16. Bc3 Ne8 17. Ne3 Nc7 18. Ne5 Nxe5 19. Bxe5 Nb5 20. Nd5 Bd6 21. Bxd6
Rxd6 22. Rac1 b6 23. b4 cxb4 24. Nxb4 Rd2 25. a4 Nd4 26. Rc7 a5 27. Nd5 b5 28.
axb5 Nxb5 29. Rc5 Nd4 30. Nc7 Ra7 31. Nxe6 fxe6 32. Ra1 Nb3 33. Rc8+ Kf7 34. Ra3
Rd1+ 35. Bf1 Nd2 36. Rd3 Rxf1+ 37. Kg2 Rd1 38. Rc2 a4 39. Rdxd2 Rxd2 40. Rxd2 a3
41. Ra2 Ke7 42. Kf3 Kd6 43. Ke3 Kc5 44. Kd3 g5 45. f4 Kb4 46. Kd4 Ra5 47. h4
gxf4 48. gxf4 Kb3 49. Ra1 a2 50. Rf1 a1=Q+ 51. Rxa1 Rxa1 52. Ke5 Re1 53. Kxe6
Rxe4+ 54. Kf5 Re1 55. h5 Kc4 56. Kg6 Kd5 57. f5 Ke5 58. f6 Rg1+ 0-1

[Event "36th Zalakaros Open 2017"]
[Site "Zalakaros HUN"]
[Date "2017.05.18"]
[Round "1.3"]
[White "Markus, Robert"]
[Black "Hnydiuk, Aleksander"]
[Result "1/2-1/2"]
[WhiteTitle "GM"]
[BlackTitle "IM"]
[WhiteElo "2673"]
[BlackElo "2390"]
[WhiteFideId "921637"]
[BlackFideId "1109057"]
[EventDate "2017.05.18"]

1. d4 Nf6 2. Nf3 g6 3. g3 Bg7 4. Bg2 d5 5. O-O O-O 6. Nbd2 c5 7. dxc5 Qc7 8. Nb3
e5 9. c3 Na6 10. Be3 Be6 11. Qc1 Rfe8 12. Rd1 Rad8 13. Ne1 Ng4 14. Nd3 Nxe3 15.
Qxe3 f5 16. Rd2 Bf7 17. f4 d4 18. cxd4 exf4 19. Qxf4 Qxf4 20. Nxf4 Bxb3 21. axb3
Nxc5 22. Rad1 Nxb3 23. Rd3 Nxd4 24. Bd5+ Kh8 25. Bc4 g5 26. Nh5 Nxe2+ 27. Kf1
Rxd3 28. Rxd3 Nc1 29. Nxg7 Kxg7 30. Rd7+ Kf6 31. Rxb7 Rc8 32. b3 a5 33. Rb6+ Kg7
34. Ra6 Rb8 35. Ra7+ Kf6 36. Ra6+ Kg7 37. Rxa5 Nxb3 38. Rd5 Rb4 39. Bxb3 Rxb3
40. Rxf5 Kg6 1/2-1/2

[Event "36th Zalakaros Open 2017"]
[Site "Zalakaros HUN"]
[Date "2017.05.18"]
[Round "1.4"]
[White "Paschall, William M."]
[Black "Kovalenko, Igor"]
[Result "0-1"]
[WhiteTitle "IM"]
[BlackTitle "GM"]
[WhiteElo "2380"]
[BlackElo "2657"]
[WhiteFideId "2005379"]
[BlackFideId "14117908"]
[EventDate "2017.05.18"]

1. Nf3 c5 2. c4 g6 3. d4 Bg7 4. e4 d6 5. d5 e6 6. Nc3 Ne7 7. Be2 O-O 8. O-O a6
9. a4 h6 10. Ne1 exd5 11. exd5 Nf5 12. Bg4 Re8 13. Nc2 b6 14. Bd2 Ra7 15. Re1
Rxe1+ 16. Nxe1 h5 17. Bh3 Qh4 18. a5 Bd4 19. Qf3 Qd8 20. axb6 Qxb6 21. Qd1 Rb7
22. Nd3 Qd8 23. Rb1 Qh4 24. Qf3 Nd7 25. Bxf5 gxf5 26. Qxf5 Nb6 27. Qf4 Qxf4 28.
Bxf4 Bf5 29. Rd1 Nxc4 30. Ne2 Bg7 31. Nec1 Bxb2 32. Nxb2 Rxb2 33. Bg5 Kg7 34. h4
f6 35. Bf4 a5 36. Re1 Kf7 37. Ne2 a4 38. Ng3 Rb1 0-1

[Event "36th Zalakaros Open 2017"]
[Site "Zalakaros HUN"]
[Date "2017.05.18"]
[Round "1.5"]
[White "Efimenko, Zahar"]
[Black "Hemant, Sharma2"]
[Result "1/2-1/2"]
[WhiteTitle "GM"]
[WhiteElo "2648"]
[BlackElo "2380"]
[WhiteFideId "14107201"]
[BlackFideId "5025842"]
[EventDate "2017.05.18"]

1. Nf3 Nf6 2. g3 g6 3. b3 Bg7 4. Bb2 O-O 5. Bg2 d5 6. c4 c6 7. O-O a5 8. d3 a4
9. Nbd2 Na6 10. Ne5 Ng4 11. Ndf3 Nxe5 12. Bxe5 f6 13. Bc3 e5 14. cxd5 cxd5 15.
bxa4 Qd6 16. Rb1 Be6 17. a5 Rfc8 18. Bd2 Qd7 19. Rb6 Rc7 20. Qb1 Rac8 21. Rc1
Bf8 22. Rxc7 Rxc7 23. h4 Nc5 24. Bb4 Qc8 25. Kh2 Na4 26. Bxf8 Nxb6 27. Bd6 Rc6
28. Bxe5 fxe5 29. axb6 Rc2 30. Qd1 Rxa2 31. Ng5 Kg7 32. Bf3 1/2-1/2

[Event "36th Zalakaros Open 2017"]
[Site "Zalakaros HUN"]
[Date "2017.05.18"]
[Round "1.6"]
[White "Arman, Deniz"]
[Black "Nabaty, Tamir"]
[Result "1/2-1/2"]
[WhiteTitle "FM"]
[BlackTitle "GM"]
[WhiteElo "2377"]
[BlackElo "2640"]
[WhiteFideId "6302106"]
[BlackFideId "2809052"]
[EventDate "2017.05.18"]

1. e4 c6 2. d4 d5 3. Nc3 dxe4 4. Nxe4 Bf5 5. Ng3 Bg6 6. h4 h6 7. Nh3 Nf6 8. Nf4
Bh7 9. Bc4 e6 10. O-O Bd6 11. Nxe6 fxe6 12. Bxe6 Na6 13. Re1 Kf8 14. Qf3 Nc7 15.
Bb3 Bg8 16. Nf5 Bxb3 17. axb3 Ncd5 18. Re6 Bb4 19. c4 Nc7 20. Re5 Qd7 21. g4 Kg8
22. g5 hxg5 23. hxg5 Nh7 24. Bd2 Bd6 25. Qg4 Rd8 26. Rae1 Bxe5 27. Rxe5 g6 28.
Ne7+ Kg7 29. Qe4 Nf8 30. d5 Qh3 31. Bc3 Qh2+ 32. Kf1 Qh1+ 33. Ke2 Qxe4+ 34.
Rxe4+ Kf7 35. Bxh8 cxd5 36. Nxd5 Nxd5 37. cxd5 Rxd5 38. Bf6 Ne6 39. f4 a5 40. b4
a4 41. b5 Rxb5 42. Rxa4 Nc5 43. Ra8 Ke6 44. Re8+ Kd7 45. Re7+ Kd6 46. Rg7 Kd5
47. Kf3 Rb3+ 48. Kg4 Nd3 49. Rxg6 Rb4 50. Bc3 Rxf4+ 51. Kg3 Rf1 52. Rb6 Rg1+ 53.
Kh4 Ke4 54. Kh5 Kf5 55. Rf6+ Ke4 56. Rb6 Kf5 57. Rb5+ Ke6 58. Kh6 Nf4 59. Rb6+
Kf5 60. Rf6+ Ke4 61. g6 b5 62. Kh7 b4 63. Bxb4 Rh1+ 64. Kg8 Nd5 65. Bc3 Nxf6+
66. Bxf6 Kf5 67. Kf7 Ke4 1/2-1/2

[Event "36th Zalakaros Open 2017"]
[Site "Zalakaros HUN"]
[Date "2017.05.18"]
[Round "1.7"]
[White "Gupta, Abhijeet"]
[Black "Gara, Anita"]
[Result "1-0"]
[WhiteTitle "GM"]
[BlackTitle "IM"]
[WhiteElo "2626"]
[BlackElo "2373"]
[WhiteFideId "5010608"]
[BlackFideId "709751"]
[EventDate "2017.05.18"]

1. Nf3 d5 2. c4 e6 3. g3 c5 4. Bg2 Nc6 5. O-O Nf6 6. d4 Be7 7. cxd5 exd5 8. dxc5
Bxc5 9. a3 O-O 10. b4 Be7 11. Bb2 Ne4 12. b5 Na5 13. Nbd2 Bf6 14. Bxf6 Qxf6 15.
Qa4 Qb6 16. Nxe4 dxe4 17. Qxe4 Qxb5 18. Rab1 Qh5 19. Nd4 Bd7 20. Rfc1 Rac8 21.
Qe7 Qg4 22. e3 Bf5 23. Rxc8 Bxc8 24. Qc7 Bf5 25. h3 Qg6 26. Rb5 Rc8 27. Qxa5 Bd3
28. Rc5 1-0

[Event "36th Zalakaros Open 2017"]
[Site "Zalakaros HUN"]
[Date "2017.05.18"]
[Round "1.8"]
[White "Papp, Petra"]
[Black "Banusz, Tamas"]
[Result "0-1"]
[WhiteTitle "WGM"]
[BlackTitle "GM"]
[WhiteElo "2371"]
[BlackElo "2616"]
[WhiteFideId "739049"]
[BlackFideId "722413"]
[EventDate "2017.05.18"]

1. e4 e5 2. Nf3 Nc6 3. Bb5 a6 4. Ba4 Nf6 5. O-O Be7 6. d3 b5 7. Bb3 d6 8. a3 O-O
9. Nc3 Rb8 10. Nd5 Na5 11. Ba2 Nxd5 12. Bxd5 c6 13. Ba2 Bg4 14. h3 Bh5 15. Bd2
Nb7 16. b4 Kh8 17. g4 Bg6 18. Qe2 Qd7 19. d4 exd4 20. Nxd4 Bf6 21. c3 Rbe8 22.
f3 d5 23. Be3 dxe4 24. f4 Bxd4 25. Bxd4 f6 26. Rad1 Qc7 27. Qe3 Bf7 28. Bb6 Qe7
29. Bxf7 Rxf7 30. Rd4 f5 31. g5 c5 32. Rd5 cxb4 33. axb4 Qe6 34. Rfd1 Qc6 35. h4
h6 36. Bd4 Kh7 37. Be5 Re6 38. Qe2 Rfe7 39. Qe3 Qe8 40. Qe2 Qf7 41. Kg2 Rc6 42.
Kh2 Qe8 43. Kg2 Rc8 44. Qa2 Qh5 45. Qf2 a5 46. Rd7 Rce8 47. Qg3 Qf7 48. R7d5
axb4 49. cxb4 Rc8 50. Rxb5 Rc2+ 51. Kg1 Qh5 52. Rbd5 e3 53. g6+ Qxg6 54. Qxg6+
Kxg6 55. Re1 Rc4 56. Rb5 Re4 57. Kg2 Nd8 58. Kf3 Nc6 59. Rxe3 R7xe5 60. Rxe5
Nxe5+ 61. fxe5 Rxb4 62. e6 Rxh4 63. Re5 Re4 64. Rxe4 fxe4+ 65. Kxe4 Kf6 66. Kd5
Ke7 67. Ke5 g6 68. Kd5 h5 69. Ke5 h4 0-1

[Event "36th Zalakaros Open 2017"]
[Site "Zalakaros HUN"]
[Date "2017.05.18"]
[Round "1.9"]
[White "Erdos, Viktor"]
[Black "Kosakowski, Jakub"]
[Result "1/2-1/2"]
[WhiteTitle "GM"]
[BlackTitle "FM"]
[WhiteElo "2614"]
[BlackElo "2369"]
[WhiteFideId "719978"]
[BlackFideId "1185080"]
[EventDate "2017.05.18"]

1. d4 Nf6 2. c4 g6 3. Nf3 Bg7 4. e3 O-O 5. Be2 d5 6. cxd5 Nxd5 7. O-O c5 8. dxc5
Nc6 9. a3 Be6 10. Qc2 Qc7 11. Bd2 Rac8 12. Nc3 Ne5 13. Nd4 Qxc5 14. Nxe6 fxe6
15. Rac1 Qb6 16. Qb1 Rfd8 17. Ne4 a5 18. Rxc8 Rxc8 19. Rc1 Rxc1+ 20. Qxc1 Nc6
21. Bg4 Nc7 22. Bc3 Ne5 23. Bd4 Qc6 24. Qxc6 bxc6 25. Be2 Nb5 26. Bc5 Nd7 27. a4
Nd6 28. Bxd6 exd6 29. Nxd6 Bxb2 30. Nb7 Bc3 31. Bc4 Nb6 32. Bxe6+ Kf8 33. Bb3
Bb4 34. Nd8 c5 35. Nc6 c4 36. Bc2 Kf7 37. Kf1 Ke6 38. h4 Bc3 39. Na7 Kd5 40. g4
Kc5 41. g5 Kb4 42. f4 Nxa4 43. Nc6+ Ka3 44. h5 Nc5 45. hxg6 hxg6 46. Bxg6 a4 47.
Bf7 Kb2 48. Bxc4 a3 49. g6 Nb3 50. Ne5 a2 51. g7 a1=Q+ 52. Kg2 Qa8+ 53. Kh2 Bxe5
54. g8=Q Qxg8 1/2-1/2

[Event "36th Zalakaros Open 2017"]
[Site "Zalakaros HUN"]
[Date "2017.05.18"]
[Round "1.10"]
[White "Li, Bo"]
[Black "Zubov, Alexander"]
[Result "1-0"]
[WhiteTitle "IM"]
[BlackTitle "GM"]
[WhiteElo "2359"]
[BlackElo "2604"]
[WhiteFideId "8602786"]
[BlackFideId "14109409"]
[EventDate "2017.05.18"]

1. d4 d5 2. c4 dxc4 3. Nf3 Nf6 4. Qa4+ Nc6 5. Nc3 Nd5 6. e4 Nb6 7. Qd1 Bg4 8.
Be3 e6 9. Be2 Be7 10. O-O O-O 11. d5 exd5 12. exd5 Nb4 13. Bxb6 axb6 14. Bxc4
Bf6 15. h3 Bf5 16. Qd2 c6 17. Qf4 Bg6 18. Rad1 Nxd5 19. Nxd5 cxd5 20. Rxd5 Qb8
21. Ne5 Ra5 22. Nxg6 Rxd5 23. Bxd5 hxg6 24. Bxf7+ Kxf7 25. Qc4+ Ke8 26. Qe6+ Be7
27. Rc1 Kd8 28. Rd1+ Ke8 29. Rd7 Rf7 30. Rxe7+ 1-0

[Event "36th Zalakaros Open 2017"]
[Site "Zalakaros HUN"]
[Date "2017.05.18"]
[Round "1.13"]
[White "Papp, Gabor1"]
[Black "Ivic, Velimir"]
[Result "1-0"]
[WhiteTitle "GM"]
[BlackTitle "FM"]
[WhiteElo "2592"]
[BlackElo "2345"]
[WhiteFideId "718602"]
[BlackFideId "950122"]
[EventDate "2017.05.18"]

1. e4 c5 2. Nf3 e6 3. d4 cxd4 4. Nxd4 Nf6 5. Nc3 d6 6. g4 h6 7. h4 Be7 8. Rg1 d5
9. Bb5+ Kf8 10. exd5 Nxd5 11. Nxd5 Qxd5 12. Be3 Nc6 13. c4 Qe4 14. Bxc6 bxc6 15.
Qf3 Qxf3 16. Nxf3 f6 17. Nd4 Bd7 18. O-O-O Ke8 19. h5 c5 20. Nb5 Bxb5 21. cxb5
a6 22. bxa6 Rxa6 23. Kb1 Kf7 24. Rd7 Rc8 25. Rgd1 Rac6 26. Kc2 c4 27. a4 e5 28.
Rb7 R6c7 29. Rxc7 Rxc7 30. a5 Ke6 31. a6 Rc8 32. a7 Bd6 33. Kc3 Kd7 34. Ra1 1-0

[Event "36th Zalakaros Open 2017"]
[Site "Zalakaros HUN"]
[Date "2017.05.18"]
[Round "1.14"]
[White "Rudolf, Michal"]
[Black "Svane, Rasmus"]
[Result "0-1"]
[WhiteTitle "FM"]
[BlackTitle "GM"]
[WhiteElo "2340"]
[BlackElo "2573"]
[WhiteFideId "1106210"]
[BlackFideId "4657101"]
[EventDate "2017.05.18"]

1. d4 Nf6 2. Nf3 d5 3. Bg5 Ne4 4. Bh4 c5 5. dxc5 Nc6 6. e3 Qa5+ 7. Nbd2 Bg4 8.
c3 Nxd2 9. Qxd2 Qxc5 10. Be2 e6 11. O-O Be7 12. Bxe7 Qxe7 13. Nd4 Bxe2 14. Qxe2
O-O 15. Rad1 Qc5 16. e4 dxe4 17. Qxe4 Qc4 18. Qb1 Ne7 19. Nb3 Rfd8 20. h3 h6 21.
Rxd8+ Rxd8 22. Rd1 Rd5 23. Re1 Nf5 24. Qe4 Nd6 25. Qe3 Qa4 26. Nc1 Nc4 27. Qf4
Nxb2 28. Qb8+ Kh7 29. Nb3 Nd3 30. Rf1 Qe4 31. Nd2 Qf4 32. Qxf4 Nxf4 33. Ne4 f5
34. c4 Rd4 35. Nc5 b6 0-1

[Event "36th Zalakaros Open 2017"]
[Site "Zalakaros HUN"]
[Date "2017.05.18"]
[Round "1.15"]
[White "Stupak, Kirill"]
[Black "Rapport, Jovana"]
[Result "1-0"]
[WhiteTitle "GM"]
[BlackTitle "WGM"]
[WhiteElo "2560"]
[BlackElo "2334"]
[WhiteFideId "13503758"]
[BlackFideId "937266"]
[EventDate "2017.05.18"]

1. d4 e6 2. g3 f5 3. Bg2 Nf6 4. c4 Be7 5. Qb3 c6 6. Nf3 d5 7. O-O Qb6 8. Qc2 Ne4
9. Nc3 O-O 10. Bf4 Nd7 11. Rad1 Bf6 12. b3 Qb4 13. Nb1 Qe7 14. Ne1 g5 15. Bc1
Qg7 16. Ba3 Rf7 17. Qd3 Bd8 18. f3 Nef6 19. Nc3 f4 20. e4 Nf8 21. e5 Ne8 22. Bh3
Qh6 23. Kg2 Ng7 24. Ne2 Ng6 25. Bc1 Bd7 26. Qc2 Rc8 27. Nd3 Be7 28. Bg4 Nf5 29.
c5 Rcf8 30. Rh1 Bd8 31. Rdg1 Kh8 32. Bd2 Nge7 33. h4 Ne3+ 34. Bxe3 fxe3 35. hxg5
Qxg5 36. Ndf4 Nf5 37. Rh5 Qg8 38. Rgh1 Rg7 39. Bxf5 exf5 40. Qd3 Bg5 41. Qxe3
Be6 42. Rxg5 1-0

[Event "36th Zalakaros Open 2017"]
[Site "Zalakaros HUN"]
[Date "2017.05.18"]
[Round "1.16"]
[White "Raja, Harshit"]
[Black "Aleksandrov, Aleksej"]
[Result "0-1"]
[BlackTitle "GM"]
[WhiteElo "2334"]
[BlackElo "2559"]
[WhiteFideId "5089000"]
[BlackFideId "13500139"]
[EventDate "2017.05.18"]

1. e4 e5 2. Nf3 Nc6 3. Bb5 Nf6 4. O-O Nxe4 5. Qe2 Nd6 6. Bxc6 dxc6 7. Qxe5+ Qe7
8. Qa5 Qd8 9. Qe5+ Qe7 10. Qa5 Qd7 11. Qc3 Nf5 12. d3 Be7 13. Bf4 O-O 14. Nbd2
b6 15. Rfe1 Bb7 16. Re2 c5 17. Rae1 Rae8 18. h3 h5 19. Ne4 Bd8 20. Qb3 Bd5 21.
c4 Ba8 22. Ne5 Qc8 23. Qa4 Nd4 24. Re3 Qf5 25. Nf3 Qxf4 26. Nxd4 Rxe4 27. Rxe4
Bxe4 0-1

[Event "36th Zalakaros Open 2017"]
[Site "Zalakaros HUN"]
[Date "2017.05.18"]
[Round "1.17"]
[White "Aczel, Gergely"]
[Black "Tica, Sven"]
[Result "0-1"]
[WhiteTitle "IM"]
[BlackTitle "FM"]
[WhiteElo "2546"]
[BlackElo "2332"]
[WhiteFideId "727709"]
[BlackFideId "14526948"]
[EventDate "2017.05.18"]

1. d4 d5 2. c4 e6 3. Nc3 Nf6 4. cxd5 Nxd5 5. e4 Nxc3 6. bxc3 c5 7. Nf3 cxd4 8.
cxd4 Bb4+ 9. Bd2 Bxd2+ 10. Qxd2 O-O 11. Rc1 Nd7 12. Bd3 b6 13. O-O Bb7 14. Qe3
h6 15. e5 Rc8 16. Nd2 Rxc1 17. Rxc1 Qb8 18. Nc4 b5 19. Nd6 b4 20. Bb1 Bd5 21.
Qd3 f5 22. Bc2 Qd8 23. Qd2 a5 24. Bb3 Nb6 25. g3 Qd7 26. Rc5 Ra8 27. Bd1 Na4 28.
Bxa4 Qxa4 29. Nxf5 Qxa2 30. Nxh6+ Kh7 31. Qc1 gxh6 32. Rc7+ Kg6 33. f3 Bxf3 34.
Rc2 Rc8 35. Qf4 Qb1+ 0-1

[Event "36th Zalakaros Open 2017"]
[Site "Zalakaros HUN"]
[Date "2017.05.18"]
[Round "1.18"]
[White "Gara, Ticia"]
[Black "Danin, Alexandre"]
[Result "0-1"]
[WhiteTitle "WGM"]
[BlackTitle "GM"]
[WhiteElo "2329"]
[BlackElo "2543"]
[WhiteFideId "717444"]
[BlackFideId "4144031"]
[EventDate "2017.05.18"]

1. Nf3 d5 2. g3 g6 3. Bg2 Bg7 4. O-O e5 5. c4 c6 6. d3 Ne7 7. Nbd2 O-O 8. Rb1 a5
9. b3 c5 10. Ba3 b6 11. cxd5 Nxd5 12. Bb2 Nc6 13. Nc4 Re8 14. Nfd2 Rb8 15. Ne4
Be6 16. Qd2 f6 17. Ne3 Qd7 18. Nxd5 Bxd5 19. Nc3 Bxg2 20. Kxg2 Rbd8 21. Rbd1 Qb7
22. f3 Nd4 23. e4 Rd7 24. Nd5 Rxd5 25. exd5 Nf5 26. Rfe1 Bh6 27. Qf2 Rd8 28. f4
exf4 29. Qf3 Qf7 30. Kh1 Ne3 31. Rd2 Qxd5 32. Qxd5+ Nxd5 33. Rde2 Kf7 34. Bc1 f3
35. Rf2 Bxc1 36. Rxc1 Nb4 37. Rxf3 Nxa2 38. Rcf1 Rd6 39. Kg2 Nb4 40. Rd1 Nc6 41.
Rf2 Ne5 42. Rfd2 Rd4 43. Rb1 Ke6 44. Kf2 Kd5 45. Ke3 Rb4 46. h3 f5 47. Rc2 h5
48. Kd2 Rd4 49. Rc3 h4 50. gxh4 Rxh4 51. Rh1 g5 52. Rcc1 Rd4 53. Rc3 Rf4 54. Ke3
Rf3+ 55. Ke2 f4 56. h4 Re3+ 57. Kd1 g4 58. h5 g3 59. h6 g2 60. Rg1 f3 61. Rc2
Ng4 62. h7 Re8 63. Kc1 Rh8 64. d4 Rxh7 0-1

[Event "36th Zalakaros Open 2017"]
[Site "Zalakaros HUN"]
[Date "2017.05.18"]
[Round "1.19"]
[White "Sanal, Vahap"]
[Black "Paszewski, Mateusz"]
[Result "1-0"]
[WhiteTitle "GM"]
[BlackTitle "FM"]
[WhiteElo "2533"]
[BlackElo "2327"]
[WhiteFideId "6300545"]
[BlackFideId "1141058"]
[EventDate "2017.05.18"]

1. Nf3 d5 2. g3 c6 3. Bg2 Bg4 4. O-O e6 5. c4 Nf6 6. cxd5 Bxf3 7. Bxf3 cxd5 8.
d3 Nc6 9. e4 Be7 10. exd5 Nxd5 11. Nc3 Nxc3 12. bxc3 O-O 13. Rb1 Qd7 14. d4 Rac8
15. Re1 Bf6 16. d5 exd5 17. Bg4 Qd6 18. Bf4 Qc5 19. Bxc8 Rxc8 20. Qg4 Rd8 21.
Rxb7 Bxc3 22. Qf5 Qf8 23. Rc1 d4 24. Bc7 Ra8 25. Rcb1 Qe8 26. Bd6 Rd8 27. Qc5
Rc8 28. Qd5 h6 29. a3 Be1 30. R1b2 Nd8 31. Re7 Qc6 32. Qxc6 Rxc6 33. Re8+ Kh7
34. Rxd8 1-0

[Event "36th Zalakaros Open 2017"]
[Site "Zalakaros HUN"]
[Date "2017.05.18"]
[Round "1.22"]
[White "Borsos, Bogdan"]
[Black "Horvath, Jozsef1"]
[Result "0-1"]
[WhiteTitle "IM"]
[BlackTitle "GM"]
[WhiteElo "2321"]
[BlackElo "2526"]
[WhiteFideId "14100568"]
[BlackFideId "700061"]
[EventDate "2017.05.18"]

1. e4 d6 2. d4 Nf6 3. Nc3 e5 4. dxe5 dxe5 5. Qxd8+ Kxd8 6. f3 Be6 7. Be3 c6 8.
O-O-O+ Nbd7 9. g3 Bb4 10. Nge2 Ke7 11. Kb1 b5 12. h4 Nb6 13. a3 Nc4 14. Bf2 Bd6
15. Bh3 Bxh3 16. Rxh3 a5 17. Rhh1 Rhb8 18. Rd3 a4 19. Na2 Kd7 20. Bc5 Kc7 21.
Bxd6+ Nxd6 22. Rhd1 Rd8 23. Nb4 Rd7 24. b3 axb3 25. cxb3 Rxa3 26. Kb2 Ra8 27.
Rc1 Kb7 28. Rxc6 Nc4+ 29. Kc3 Rxd3+ 30. Kxd3 Rd8+ 31. Kc3 Nd2 32. Ng1 Ndxe4+ 33.
fxe4 Nxe4+ 34. Kb2 Rd4 35. Nf3 Rxb4 36. Nxe5 f6 37. Re6 fxe5 38. Rxe5 Kc6 39.
Re7 Nc5 40. Rxg7 Rxb3+ 41. Kc2 b4 42. g4 Rc3+ 43. Kb2 Nd3+ 0-1

[Event "36th Zalakaros Open 2017"]
[Site "Zalakaros HUN"]
[Date "2017.05.18"]
[Round "1.23"]
[White "Mikhalevski, Victor"]
[Black "Cebalo, Miso"]
[Result "1/2-1/2"]
[WhiteTitle "GM"]
[BlackTitle "GM"]
[WhiteElo "2520"]
[BlackElo "2320"]
[WhiteFideId "2801914"]
[BlackFideId "14500094"]
[EventDate "2017.05.18"]

1. Nf3 c5 2. g3 g6 3. Bg2 Bg7 4. d4 cxd4 5. Nxd4 Nc6 6. Nb3 d6 7. O-O Bd7 8. Nc3
Rc8 9. Nd5 h5 10. c3 Nf6 11. e4 Nxd5 12. exd5 Ne5 13. Nd4 h4 14. a4 hxg3 15.
hxg3 Bf6 16. a5 a6 17. Re1 Kf8 18. Qe2 Qc7 19. Qe4 Kg7 20. Bf1 Rh7 21. f4 Nc4
22. b4 b5 23. Ra2 Rch8 24. Bg2 Qa7 25. Rf2 Bh3 26. Bf3 Qd7 27. Qe2 Qa7 28. Nc6
Qd7 29. Nd4 Qc8 30. Qd1 Bd7 31. g4 Kf8 32. g5 Bg7 33. Qe2 Qe8 34. Qe4 Rh4 35.
Qd3 Bg4 36. Bg2 Qd7 37. Nc6 Bh3 38. Rxe7 Qg4 39. Qe2 Bxc3 40. Qxg4 Rxg4 41. Ree2
Bxg2 42. Rxg2 Rgh4 43. Rh2 Rxh2 44. Rxh2 Rxh2 45. Kxh2 Ke8 46. Kg3 Kd7 47. Kf3
Kc7 48. Ke4 1/2-1/2

[Event "36th Zalakaros Open 2017"]
[Site "Zalakaros HUN"]
[Date "2017.05.18"]
[Round "1.24"]
[White "Tate, Alan"]
[Black "Antal, Gergely"]
[Result "1/2-1/2"]
[WhiteTitle "FM"]
[BlackTitle "GM"]
[WhiteElo "2320"]
[BlackElo "2517"]
[WhiteFideId "2401878"]
[BlackFideId "717312"]
[EventDate "2017.05.18"]

1. e4 c6 2. d4 d5 3. e5 c5 4. dxc5 Nc6 5. Nf3 Bg4 6. c3 e6 7. b4 g6 8. Nbd2 Bg7
9. Be2 Nge7 10. O-O O-O 11. Re1 a5 12. b5 Bxf3 13. Nxf3 Nxe5 14. Nd4 Re8 15. Ba3
Nf5 16. Qa4 Qh4 17. g3 Qh3 18. Qd1 Nxd4 19. cxd4 Nc4 1/2-1/2

[Event "36th Zalakaros Open 2017"]
[Site "Zalakaros HUN"]
[Date "2017.05.18"]
[Round "1.25"]
[White "Kollars, Dmitrij"]
[Black "Blohberger, Felix"]
[Result "1-0"]
[WhiteTitle "IM"]
[BlackTitle "FM"]
[WhiteElo "2503"]
[BlackElo "2319"]
[WhiteFideId "12909572"]
[BlackFideId "1632051"]
[EventDate "2017.05.18"]

1. e4 g6 2. d4 Bg7 3. Nf3 d6 4. Bc4 Nf6 5. Qe2 O-O 6. e5 dxe5 7. dxe5 Nd5 8. O-O
c6 9. Nbd2 Nd7 10. Re1 N7b6 11. Bb3 Nf4 12. Qe4 Nbd5 13. Nf1 Bf5 14. Qc4 Nh5 15.
Qh4 e6 16. h3 Qxh4 17. Nxh4 Nhf4 18. g3 Nxh3+ 19. Kg2 Bg4 20. f3 h5 21. fxg4
hxg4 22. Nh2 1-0

[Event "36th Zalakaros Open 2017"]
[Site "Zalakaros HUN"]
[Date "2017.05.18"]
[Round "1.26"]
[White "Pacan-Milej, Kosma"]
[Black "Studer, Noel"]
[Result "1-0"]
[WhiteTitle "FM"]
[BlackTitle "IM"]
[WhiteElo "2317"]
[BlackElo "2498"]
[WhiteFideId "21800537"]
[BlackFideId "1319620"]
[EventDate "2017.05.18"]

1. d4 Nf6 2. c4 e6 3. Nf3 d5 4. Nc3 Bb4 5. cxd5 exd5 6. Bf4 O-O 7. Rc1 Ne4 8.
Nd2 Nxc3 9. bxc3 Be7 10. e3 Bf5 11. Qb3 b6 12. Be2 c5 13. Bf3 Be6 14. O-O Nc6
15. Rfd1 Rc8 16. dxc5 Bxc5 17. c4 Na5 18. Qb1 Ba3 19. Rc3 Qe7 20. Rxa3 Qxa3 21.
cxd5 Bd7 22. Ne4 Nc4 23. Ng5 f5 24. d6 Nb2 25. Bd5+ Kh8 26. Rc1 Nd3 27. Rxc8
Bxc8 28. Bg3 h6 29. Nf7+ Kh7 30. d7 Bxd7 31. Bd6 Qa5 32. Qxd3 Rc8 33. h3 Qe1+
34. Kh2 Rc1 35. Bf3 Qxf2 36. Be5 Be6 37. Nd6 Qc2 38. Qd4 Qb1 39. Bxg7 Rh1+ 40.
Kg3 Qe1+ 41. Kf4 Qh4+ 42. Ke5 Qe7 43. Bf6 Qd7 44. Be4 fxe4 45. Qxe4+ Bf5 46.
Nxf5 1-0

[Event "36th Zalakaros Open 2017"]
[Site "Zalakaros HUN"]
[Date "2017.05.18"]
[Round "1.27"]
[White "Van Foreest, Lucas"]
[Black "Beletic, Daniel"]
[Result "1-0"]
[WhiteTitle "IM"]
[BlackTitle "FM"]
[WhiteElo "2489"]
[BlackElo "2315"]
[WhiteFideId "1039792"]
[BlackFideId "14602709"]
[EventDate "2017.05.18"]

1. d4 d6 2. Nf3 g6 3. e4 Bg7 4. c3 Nf6 5. Bd3 O-O 6. O-O c5 7. h3 Nc6 8. Be3 b6
9. a3 e5 10. dxc5 dxc5 11. Qc2 h6 12. Nbd2 Bb7 13. Nc4 b5 14. Ncd2 c4 15. Be2
Qc7 16. a4 a6 17. axb5 axb5 18. b3 Na5 19. bxc4 Nxc4 20. Bxc4 bxc4 21. Rab1 Ba6
22. Qa4 Bb7 23. Qc2 Ba6 24. Rb4 Rfc8 25. Ra1 Nd7 26. Rba4 Qc6 27. Qa2 Bb7 28.
Ba7 Nc5 29. Rxc4 Rxa7 30. Qxa7 Ra8 31. Qxc5 Rxa1+ 32. Kh2 Qa6 33. Qc7 Bf6 34.
Rb4 1-0